| 000 | 01551nam a2200385 i 4500 | ||
|---|---|---|---|
| 001 | DIGHERDER0664 | ||
| 003 | NyNyDIG | ||
| 007 | cr ||||||||||| | ||
| 008 | 231010s2017 mx ob 000 0 spa d | ||
| 006 | m o d | ||
| 035 | _a(OCoLC)1402839074 | ||
| 040 |
_aDGITA _beng _erda _epn _cDGITA |
||
| 020 |
_z9786077727620 _q(México) |
||
| 020 |
_z9788425440458 _q(España) |
||
| 050 | 1 | 4 | _aB3376.W563 ebook |
| 100 | 1 |
_aTomasini Bassols, Alejandro, _eauthor. |
|
| 245 | 1 | 0 |
_aExplicando el Tractatus : _buna introducción a la primera filosofía de Wittgenstein / _cAlejandro Tomasini Bassols. |
| 264 | 1 |
_aCiudad de México : _bHerder, _c[2017] |
|
| 300 | _a1 online resource. | ||
| 336 |
_atext _btxt _2rdacontent |
||
| 337 |
_acomputer _bc _2rdamedia |
||
| 338 |
_aonline resource _bcr _2rdacarrier |
||
| 347 |
_atext file _2rdaft |
||
| 347 | _bPDF | ||
| 504 | _aIncludes bibliographical references. | ||
| 588 | 0 | _aOnline resource; title from PDF title page (Digitalia, viewed October 10, 2023) | |
| 600 | 1 | 0 |
_aWittgenstein, Ludwig, _d1889-1951. _tTractatus logico-philosophicus. |
| 650 | 0 | _aLogic, Symbolic and mathematical. | |
| 791 | 2 |
_aDigitalia (Firm), _edistributor. |
|
| 793 | 0 |
_gDigitalia eBook Collection: _aHerder Editorial |
|
| 776 | 0 | 8 |
_iPrint version: _aTomasini Bassols, Alejandro. _tExplicando el Tractatus. _bSegunda edición. _dCiudad de México : Herder, [2017] _z9786077727620 |
| 856 | 4 | 0 |
_3Digitalia Hispánica _uhttps://www.digitaliapublishing.com/a/129541/ |
| 910 | _aPremium collection: 2023 | ||
| 942 | _cRAA | ||
| 999 |
_c280364 _d280364 |
||